[Event "DEM U10 2005"]
[Site "Willingen GER"]
[Date "2005.05.20"]
[Round "10"]
[White "Göbel, Constantin"]
[Black "Kaphle, Sebastian"]
[Result "0-1"]
[Termination "normal"]
[Board "1"]
[WhiteElo "1261"]
[BlackElo "1824"]
[PlyCount "60"]
[WhiteFideId "24647071"]
[BlackFideId "24626708"]
[EventCountry "GER"]
[EventRounds "11"]
[EventType "swiss"]
[EventDate "2005.05.15"]

1. e4 c5 2. Nf3 Nc6 3. d4 cxd4 4. Nxd4 g6 5. Nc3 Bg7 6. Be3 Nf6 7. Bc4 Qa5 8.
O-O O-O 9. Re1 Qb4 10. Bb3 Nxe4 11. Nxc6 bxc6 12. Bd4 Qxd4 13. Qxd4 Bxd4 14.
Rxe4 Bf6 15. Rae1 e6 16. Rf4 Bg7 17. h4 d5 18. Na4 e5 19. Rf3 Be6 20. Nc5 Kh8
21. Ba4 e4 22. Rb3 Bd4 23. Nxe6 fxe6 24. Re2 c5 25. Bd7 Rf6 26. c3 c4 27. Ra3
Bb6 28. Ra6 Raf8 29. Kh2 Rxf2 30. Rxf2 Rxf2 0-1

[Event "DEM U10 2005"]
[Site "Willingen GER"]
[Date "2005.05.20"]
[Round "10"]
[White "Osmanodja, Filiz"]
[Black "Xu, Xianliang"]
[Result "1-0"]
[Termination "normal"]
[Board "2"]
[WhiteElo "1518"]
[BlackElo "1370"]
[PlyCount "73"]
[WhiteFideId "24633569"]
[BlackFideId "4603230"]
[EventCountry "GER"]
[EventRounds "11"]
[EventType "swiss"]
[EventDate "2005.05.15"]

1. e4 c5 2. Nf3 Nc6 3. d4 cxd4 4. Nxd4 g6 5. Nc3 Bg7 6. Be3 Nf6 7. Bc4 Qa5 8.
O-O Qb4 9. Bb3 Nxe4 10. Nxe4 Nxd4 11. c3 Qa5 12. cxd4 O-O 13. Qd2 Qd8 14. Rac1
d6 15. Bh6 Bd7 16. Bxg7 Kxg7 17. Rc3 b6 18. Rfc1 a6 19. Rc7 Rb8 20. f4 Re8 21.
Qf2 Rh8 22. Ng5 Rf8 23. R7c3 Qe8 24. Qh4 h5 25. Rg3 Rb7 26. Re1 Qd8 27. Nf3 Bc8
28. Qxh5 Rh8 29. Qd5 Qf8 30. f5 Rh6 31. Ng5 Ra7 32. Nxf7 Bd7 33. Nxh6 Kxh6 34.
Rxg6+ Kh7 35. Rxe7+ Kh8 36. Qg8+ Qxg8 37. Rxg8# 1-0

[Event "DEM U10 2005"]
[Site "Willingen GER"]
[Date "2005.05.20"]
[Round "10"]
[White "Zier, Oliver"]
[Black "Noe, Christopher"]
[Result "1-0"]
[Termination "normal"]
[Board "3"]
[WhiteElo "1563"]
[BlackElo "1509"]
[PlyCount "79"]
[WhiteFideId "24631906"]
[BlackFideId "24692018"]
[EventCountry "GER"]
[EventRounds "11"]
[EventType "swiss"]
[EventDate "2005.05.15"]

1. d4 d5 2. c4 e6 3. Nc3 c6 4. Nf3 Nf6 5. e3 Nbd7 6. Qc2 b6 7. b3 Bb7 8. Bd3
Qc7 9. O-O Be7 10. Bb2 O-O 11. cxd5 exd5 12. Rac1 Rac8 13. Rfe1 a6 14. a4 Bd6
15. h3 c5 16. Nb1 Qb8 17. Qe2 Qa8 18. Nbd2 Ne4 19. Nh4 Nxd2 20. Qxd2 Rfe8 21.
Nf5 Bf8 22. dxc5 Nxc5 23. Bc2 Ne6 24. Nd4 a5 25. Qd3 Ng5 26. h4 Ne4 27. f3 Nf6
28. Nb5 d4 29. Bxd4 Red8 30. Qf5 Rd5 31. Qh3 Rxb5 32. axb5 Bb4 33. Red1 Bd5 34.
Bxf6 gxf6 35. Bxh7+ Kxh7 36. Rxc8 Qb7 37. Re8 Be6 38. Qg3 Bc5 39. Rdd8 Bxe3+
40. Kh2 1-0

[Event "DEM U10 2005"]
[Site "Willingen GER"]
[Date "2005.05.20"]
[Round "10"]
[White "Klek, Hanna-Marie"]
[Black "Babayev, Ramil"]
[Result "0-1"]
[Termination "normal"]
[Board "4"]
[WhiteElo "1340"]
[BlackElo "1533"]
[PlyCount "64"]
[WhiteFideId "24670057"]
[BlackFideId "24664243"]
[EventCountry "GER"]
[EventRounds "11"]
[EventType "swiss"]
[EventDate "2005.05.15"]

1. e4 c5 2. Nf3 e6 3. d4 cxd4 4. Nxd4 a6 5. c4 Qc7 6. Nc3 Nf6 7. g3 Bb4 8. Qd3
Bxc3+ 9. bxc3 h6 10. Bg2 O-O 11. O-O Rd8 12. Be3 Nc6 13. h3 d5 14. cxd5 exd5
15. exd5 Nxd5 16. Nxc6 bxc6 17. Bd4 Be6 18. Rfe1 Qc8 19. Bc5 Nf4 20. Qc2 Nxg2
21. Kxg2 Bxh3+ 22. Kh2 Bf5 23. Qa4 Re8 24. Qf4 Bg6 25. Qc4 Qf5 26. Rxe8+ Rxe8
27. Be3 Qh5+ 28. Kg2 Be4+ 29. Kf1 Qh1+ 30. Ke2 Qxa1 31. Qxa6 Qb2+ 32. Kf1 Bf3
0-1

[Event "DEM U10 2005"]
[Site "Willingen GER"]
[Date "2005.05.20"]
[Round "10"]
[White "Marquardt, Patrick"]
[Black "Kuhn, Jan"]
[Result "1-0"]
[Termination "normal"]
[Board "5"]
[WhiteElo "1459"]
[BlackElo "1164"]
[PlyCount "59"]
[WhiteFideId "4670086"]
[EventCountry "GER"]
[EventRounds "11"]
[EventType "swiss"]
[EventDate "2005.05.15"]

1. e4 e6 2. d4 d5 3. e5 c5 4. c3 Nc6 5. Nf3 Qb6 6. Bd3 Be7 7. O-O Bd7 8. Qe2
cxd4 9. cxd4 Nxd4 10. Nxd4 Qxd4 11. a3 Qb6 12. Be3 Bc5 13. Bxc5 Qxc5 14. Nc3
Ne7 15. Kh1 O-O 16. f4 a6 17. Rf3 Ng6 18. Raf1 Qc7 19. Rh3 h6 20. Qg4 Kh7 21.
Rg3 Be8 22. h4 Kg8 23. h5 f5 24. exf6 Nxf4 25. Qxg7+ Qxg7 26. Rxg7+ Kh8 27.
Rxf4 Rf7 28. Rfg4 Rxg7 29. fxg7+ Kg8 30. Bh7+ 1-0

[Event "DEM U10 2005"]
[Site "Willingen GER"]
[Date "2005.05.20"]
[Round "10"]
[White "Davydov, Ruven"]
[Black "Gisy, Roberto"]
[Result "1-0"]
[Termination "normal"]
[Board "6"]
[WhiteElo "1250"]
[BlackElo "1366"]
[PlyCount "63"]
[WhiteFideId "24666068"]
[EventCountry "GER"]
[EventRounds "11"]
[EventType "swiss"]
[EventDate "2005.05.15"]

1. d4 d5 2. e3 Nc6 3. Bd3 e5 4. Bb5 exd4 5. exd4 Nf6 6. Bg5 a6 7. Ba4 Be7 8.
Nc3 O-O 9. Nf3 Bg4 10. h3 Bxf3 11. gxf3 Re8 12. Be3 b5 13. Bb3 Na5 14. Qd2 Nc4
15. Bxc4 bxc4 16. Rg1 c6 17. O-O-O Rb8 18. Na4 Rb4 19. Nc5 Qb6 20. c3 Rb5 21.
Rg2 Rb8 22. Na4 Qb7 23. Rdg1 g6 24. Bf4 Re8 25. h4 Nh5 26. Be5 f6 27. Bh2 Ra5
28. Qc2 Qb5 29. Rxg6+ Kh8 30. Rh6 f5 31. Qxf5 Nf6 32. Be5 1-0

[Event "DEM U10 2005"]
[Site "Willingen GER"]
[Date "2005.05.20"]
[Round "10"]
[White "Barzen, Pascal"]
[Black "Sarchisov, Slavik"]
[Result "1-0"]
[Termination "normal"]
[Board "7"]
[WhiteElo "1204"]
[BlackElo "1337"]
[PlyCount "91"]
[WhiteFideId "24653497"]
[BlackFideId "24647888"]
[EventCountry "GER"]
[EventRounds "11"]
[EventType "swiss"]
[EventDate "2005.05.15"]

1. d4 d5 2. c4 e6 3. Nc3 Nf6 4. cxd5 exd5 5. Bg5 Be7 6. e3 O-O 7. Nf3 c6 8. Be2
Bf5 9. O-O Nbd7 10. Nh4 Bg6 11. Nxg6 fxg6 12. Qb3 Qc7 13. Rac1 Qb6 14. Qxb6
Nxb6 15. Rfe1 Rae8 16. Bf3 Nc4 17. Re2 Nd6 18. b4 Nc4 19. b5 Bb4 20. bxc6 bxc6
21. Bxf6 gxf6 22. Nxd5 cxd5 23. Bxd5+ Kg7 24. Rxc4 Rc8 25. g3 Rfd8 26. Rxb4
Rxd5 27. Rb7+ Kf8 28. Rxa7 h5 29. a4 Rd6 30. a5 Rdc6 31. a6 R6c7 32. Rxc7 Rxc7
33. Ra2 Ra7 34. Kg2 Ke7 35. Kf3 Kd7 36. Ke4 Kd6 37. d5 f5+ 38. Kd4 g5 39. f4 g4
40. e4 fxe4 41. Kxe4 Re7+ 42. Kd4 Ra7 43. Rc2 Kd7 44. Rc6 Ke7 45. d6+ Kf7 46.
Rc7+ 1-0

[Event "DEM U10 2005"]
[Site "Willingen GER"]
[Date "2005.05.20"]
[Round "10"]
[White "Düssler, Stefanie"]
[Black "Stahnecker, Ludwig"]
[Result "1/2-1/2"]
[Termination "normal"]
[Board "8"]
[WhiteElo "1087"]
[BlackElo "1307"]
[PlyCount "41"]
[WhiteFideId "4634780"]
[BlackFideId "24692026"]
[EventCountry "GER"]
[EventRounds "11"]
[EventType "swiss"]
[EventDate "2005.05.15"]

1. e4 c5 2. Nc3 Nc6 3. g3 e6 4. Bg2 Nf6 5. d3 d5 6. exd5 Nxd5 7. Nge2 Be7 8.
O-O O-O 9. Nxd5 exd5 10. Bf4 Be6 11. Qd2 Qd7 12. Rfe1 f6 13. c3 Rad8 14. Qc2
Bf5 15. Rad1 c4 16. Nc1 Kh8 17. Be3 Ne5 18. Bxa7 Nxd3 19. Nxd3 Bxd3 20. Qd2
Rfe8 21. Bd4 1/2-1/2

[Event "DEM U10 2005"]
[Site "Willingen GER"]
[Date "2005.05.20"]
[Round "10"]
[White "Neumair, Jerome"]
[Black "Blübaum, Matthias"]
[Result "1/2-1/2"]
[Termination "normal"]
[Board "9"]
[WhiteElo "1162"]
[BlackElo "1209"]
[PlyCount "62"]
[WhiteFideId "24672637"]
[BlackFideId "24651516"]
[EventCountry "GER"]
[EventRounds "11"]
[EventType "swiss"]
[EventDate "2005.05.15"]

1. e4 e6 2. d4 d5 3. exd5 exd5 4. Nf3 Bg4 5. Be3 Nc6 6. c3 Bd6 7. Nbd2 Nge7 8.
Bd3 h6 9. Qc2 O-O 10. O-O Qd7 11. Rae1 Bf5 12. Nb3 Bxd3 13. Qxd3 Nf5 14. Qd2
Nxe3 15. Qxe3 Rfe8 16. Qd3 a6 17. h3 Rxe1 18. Rxe1 Re8 19. Rxe8+ Qxe8 20. Nc5
Bxc5 21. dxc5 Qe4 22. Qxe4 dxe4 23. Nd4 Nxd4 24. cxd4 Kf8 25. Kf1 Ke7 26. Ke2
c6 27. Ke3 f5 28. g4 g6 29. Kf4 Ke6 30. b3 a5 31. Ke3 Kd5 1/2-1/2

[Event "DEM U10 2005"]
[Site "Willingen GER"]
[Date "2005.05.20"]
[Round "10"]
[White "Schreiner, Till"]
[Black "Tran, Duc Cuong"]
[Result "1-0"]
[Termination "normal"]
[Board "10"]
[WhiteElo "1204"]
[BlackElo "1395"]
[PlyCount "67"]
[WhiteFideId "24675555"]
[BlackFideId "24689718"]
[EventCountry "GER"]
[EventRounds "11"]
[EventType "swiss"]
[EventDate "2005.05.15"]

1. e4 c5 2. Nf3 Nc6 3. d4 cxd4 4. Nxd4 e5 5. Nb5 d6 6. c4 Be7 7. b3 Be6 8. Ba3
Qa5+ 9. Qd2 Qxd2+ 10. Nxd2 O-O-O 11. O-O-O a6 12. Nc3 Nf6 13. Nf3 Nd4 14. Nxd4
exd4 15. Rxd4 Ng4 16. Nd1 Kc7 17. f3 Ne5 18. f4 Nc6 19. Rd2 f5 20. exf5 Bxf5
21. Ne3 Be4 22. Bd3 Bxd3 23. Rxd3 Kb8 24. Rhd1 d5 25. Bxe7 Nxe7 26. Nxd5 Ng6
27. g3 h5 28. h4 Nf8 29. Ne7 Ne6 30. Rxd8+ Rxd8 31. Rxd8+ Nxd8 32. Kd2 Kc7 33.
Ke3 Kd7 34. Nf5 1-0

[Event "DEM U10 2005"]
[Site "Willingen GER"]
[Date "2005.05.20"]
[Round "10"]
[White "Müller, Alexander"]
[Black "Grewenig, Jan"]
[Result "1/2-1/2"]
[Termination "normal"]
[Board "11"]
[WhiteElo "1336"]
[BlackElo "1214"]
[PlyCount "43"]
[WhiteFideId "4624696"]
[BlackFideId "4657330"]
[EventCountry "GER"]
[EventRounds "11"]
[EventType "swiss"]
[EventDate "2005.05.15"]

1. e4 c5 2. Nf3 Nc6 3. c3 g6 4. d4 cxd4 5. cxd4 Bg7 6. Be3 d6 7. Nc3 Nf6 8. Be2
Bd7 9. O-O O-O 10. Rc1 Ng4 11. Qd2 Nxe3 12. Qxe3 Rc8 13. Rfd1 Re8 14. a3 Bg4
15. d5 Bxf3 16. Bxf3 Ne5 17. Be2 a6 18. f3 Nc4 19. Bxc4 Rxc4 20. Kh1 Qa5 21.
Ne2 Rec8 22. Nc3 1/2-1/2

[Event "DEM U10 2005"]
[Site "Willingen GER"]
[Date "2005.05.20"]
[Round "10"]
[White "Kyas, Philipp"]
[Black "Schröder, Björn"]
[Result "1/2-1/2"]
[Termination "normal"]
[Board "12"]
[WhiteElo "1273"]
[BlackElo "1035"]
[PlyCount "55"]
[WhiteFideId "24670936"]
[EventCountry "GER"]
[EventRounds "11"]
[EventType "swiss"]
[EventDate "2005.05.15"]

1. d4 d5 2. Nf3 Nf6 3. Bf4 e6 4. e3 Bd6 5. Bg3 Bxg3 6. hxg3 O-O 7. c4 b6 8. Nc3
Bb7 9. Bd3 Nbd7 10. Qc2 g6 11. O-O-O c5 12. Kb1 Rc8 13. b3 Qe7 14. Qb2 Rfd8 15.
Rhe1 a5 16. a4 Rc7 17. Nb5 Rcc8 18. Rc1 Ba6 19. Na7 Rc7 20. Nb5 Bxb5 21. cxb5
Rdc8 22. Rc2 cxd4 23. Rxc7 Rxc7 24. Nxd4 Qb4 25. Rd1 Qc3 26. Nc6 Qxb2+ 27. Kxb2
Ng4 28. Rd2 1/2-1/2

[Event "DEM U10 2005"]
[Site "Willingen GER"]
[Date "2005.05.20"]
[Round "10"]
[White "Pauly, Carlo"]
[Black "Günthner, Arthur"]
[Result "1-0"]
[Termination "normal"]
[Board "13"]
[WhiteElo "1111"]
[BlackElo "1245"]
[PlyCount "113"]
[WhiteFideId "24673269"]
[EventCountry "GER"]
[EventRounds "11"]
[EventType "swiss"]
[EventDate "2005.05.15"]

1. e4 e5 2. f4 exf4 3. Nf3 Ne7 4. d4 d5 5. e5 Ng6 6. Bd3 f5 7. O-O Bb4 8. c3
Ba5 9. a4 c6 10. Qc2 O-O 11. b3 Be6 12. Ba3 Rf7 13. Bd6 Bc7 14. Bxc7 Qxc7 15.
Ng5 Re7 16. Nxe6 Rxe6 17. Bxf5 Re8 18. Bxg6 hxg6 19. Qxg6 Rf8 20. Qg4 c5 21.
Rxf4 Nc6 22. Qe6+ Rf7 23. Rxf7 Qxf7 24. Qxf7+ Kxf7 25. dxc5 Nxe5 26. Nd2 Rd8
27. Rf1+ Kg6 28. Nf3 Nd3 29. b4 Re8 30. Nd4 Nb2 31. a5 Re3 32. Rf3 Rxf3 33.
gxf3 Nd1 34. Ne2 Kf7 35. b5 Ke7 36. f4 Kd7 37. h4 Ne3 38. Kf2 Nc4 39. Kg3 Nxa5
40. Nd4 Nc4 41. Kg4 a5 42. bxa6 bxa6 43. Kf5 a5 44. Kg6 a4 45. Kxg7 a3 46. h5
a2 47. Nb3 Nd2 48. Na1 Nf3 49. h6 Ng5 50. h7 Nxh7 51. Kxh7 Ke6 52. Kg6 Kd7 53.
f5 Kc6 54. f6 Kxc5 55. f7 Kc4 56. f8=Q Kxc3 57. Qf2 1-0

[Event "DEM U10 2005"]
[Site "Willingen GER"]
[Date "2005.05.20"]
[Round "10"]
[White "Winterholler, Christina"]
[Black "Pfeiffer, Daniel"]
[Result "0-1"]
[Termination "normal"]
[Board "14"]
[WhiteElo "1200"]
[BlackElo "1428"]
[PlyCount "154"]
[WhiteFideId "24652105"]
[BlackFideId "24641960"]
[EventCountry "GER"]
[EventRounds "11"]
[EventType "swiss"]
[EventDate "2005.05.15"]

1. e4 c5 2. Nf3 Nc6 3. Bb5 d6 4. c3 Nf6 5. Qe2 Bd7 6. O-O e6 7. d4 Be7 8. Bg5
O-O 9. Nbd2 a6 10. Ba4 Qa5 11. Bb3 cxd4 12. cxd4 Nxd4 13. Nxd4 Qxg5 14. N2f3
Qa5 15. Rad1 Rfe8 16. Rfe1 Bc6 17. e5 Bxf3 18. Nxf3 dxe5 19. Nxe5 Bb4 20. Rf1
Rad8 21. a3 Bd6 22. Nc4 Qb5 23. Qf3 Bc7 24. Rfe1 Rxd1 25. Rxd1 Rd8 26. Rxd8+
Bxd8 27. Nd6 Qe5 28. Qd1 Bc7 29. Nxb7 Qxh2+ 30. Kf1 Qh1+ 31. Ke2 Qh5+ 32. Ke1
Qe5+ 33. Qe2 Qxe2+ 34. Kxe2 Be5 35. Bc4 Bxb2 36. a4 Nd7 37. Bxa6 Bd4 38. f3 Nc5
39. Nxc5 Bxc5 40. Kd3 Kf8 41. Kc4 Bf2 42. Bb7 Ke7 43. Bc6 Kd6 44. Be4 f5 45.
Ba8 g5 46. Kb5 h5 47. a5 g4 48. fxg4 hxg4 49. a6 e5 50. a7 Bxa7 51. Bb7 e4 52.
Ba6 Ke5 53. Kb4 Kf4 54. Kc3 Kg3 55. Kc4 Kxg2 56. Kd5 Kf2 57. Ke5 g3 58. Kxf5 g2
59. Kxe4 g1=Q 60. Ke5 Qg4 61. Bc8 Bb8+ 62. Kd5 Qxc8 63. Kd4 Bh2 64. Kd5 Qa6 65.
Kd4 Be5+ 66. Kxe5 Qc4 67. Kd6 Qb5 68. Kc7 Qa6 69. Kb8 Qe6 70. Kc7 Ke3 71. Kb7
Qd6 72. Ka7 Qc6 73. Kb8 Qd7 74. Ka8 Kd4 75. Kb8 Kc5 76. Ka8 Kb6 77. Kb8 Qe8#
0-1

[Event "DEM U10 2005"]
[Site "Willingen GER"]
[Date "2005.05.20"]
[Round "10"]
[White "Schmitt, Katrin"]
[Black "Pältz, Sebastian"]
[Result "1-0"]
[Termination "normal"]
[Board "15"]
[WhiteElo "1398"]
[BlackElo "1196"]
[PlyCount "89"]
[WhiteFideId "24654400"]
[BlackFideId "24648027"]
[EventCountry "GER"]
[EventRounds "11"]
[EventType "swiss"]
[EventDate "2005.05.15"]

1. e4 d5 2. exd5 Qxd5 3. Nc3 Qa5 4. d4 c6 5. Nf3 Nf6 6. Bc4 Bg4 7. O-O e6 8. a3
Bd6 9. Be3 Qc7 10. h3 Bh5 11. Be2 Nbd7 12. Qd3 Bg6 13. Qd2 Nd5 14. Nxd5 cxd5
15. Rfe1 Bxc2 16. Rac1 Rc8 17. Bd3 O-O 18. Rxc2 Qb8 19. Rec1 Rxc2 20. Rxc2 Rc8
21. Rxc8+ Qxc8 22. Qc2 Qxc2 23. Bxc2 Nb6 24. Kf1 Nc4 25. Bc1 h6 26. Bb3 Na5 27.
Bc2 Nc6 28. Ke2 b5 29. b4 Kf8 30. Bd3 a6 31. Be3 Ke7 32. Nd2 Bc7 33. Nb3 Bb6
34. Nc5 Nb8 35. g4 f6 36. Bf4 Bxc5 37. bxc5 Nc6 38. Be3 Kf7 39. Kd2 e5 40. Kc3
exd4+ 41. Bxd4 Nxd4 42. Kxd4 Ke6 43. Bf5+ Kf7 44. Kxd5 g6 45. Be6+ 1-0

[Event "DEM U10 2005"]
[Site "Willingen GER"]
[Date "2005.05.20"]
[Round "10"]
[White "Rozenfeld, Elisabeth"]
[Black "Möhn, Hans"]
[Result "0-1"]
[Termination "normal"]
[Board "16"]
[WhiteElo "1383"]
[BlackElo "1161"]
[PlyCount "48"]
[WhiteFideId "4624742"]
[BlackFideId "24647837"]
[EventCountry "GER"]
[EventRounds "11"]
[EventType "swiss"]
[EventDate "2005.05.15"]

1. e4 c5 2. Nf3 d6 3. d4 cxd4 4. Nxd4 Nf6 5. Nc3 g6 6. Be3 Bg7 7. Bb5+ Bd7 8.
Bxd7+ Nbxd7 9. Qd2 O-O 10. O-O-O Re8 11. f3 Qa5 12. g4 Ne5 13. Bh6 Bh8 14. h4
Qb4 15. Nb3 Nxf3 16. Qf4 Ne5 17. h5 a5 18. hxg6 fxg6 19. g5 Nh5 20. Qh4 a4 21.
Nd2 a3 22. Nb3 axb2+ 23. Kb1 Qxc3 24. Rhf1 Nc4 0-1

[Event "DEM U10 2005"]
[Site "Willingen GER"]
[Date "2005.05.20"]
[Round "10"]
[White "Gitter, Lucas"]
[Black "Gheng, Michael Dan"]
[Result "0-1"]
[Termination "normal"]
[Board "17"]
[WhiteElo "1187"]
[BlackElo "1368"]
[PlyCount "90"]
[WhiteFideId "24667587"]
[EventCountry "GER"]
[EventRounds "11"]
[EventType "swiss"]
[EventDate "2005.05.15"]

1. e4 c5 2. Nc3 Nc6 3. g3 g6 4. Bg2 Bg7 5. Nge2 Nf6 6. d3 O-O 7. Be3 d6 8. Qd2
Bd7 9. f4 Ng4 10. O-O Nxe3 11. Qxe3 Nd4 12. Qd2 Qb6 13. Rab1 Nxe2+ 14. Nxe2 c4+
15. Kh1 cxd3 16. cxd3 f5 17. Nc3 Qd4 18. Qe2 Rae8 19. Rfe1 e6 20. Qd2 b6 21. a3
a5 22. Ne2 Qf6 23. Qc3 Qe7 24. Qb3 b5 25. Nc3 a4 26. Qb4 h6 27. Ne2 Kh8 28. Qd2
Kh7 29. Kg1 Bf6 30. Rec1 e5 31. h3 g5 32. Kh1 Rg8 33. Kh2 Qg7 34. Qe3 gxf4 35.
Qf2 fxg3+ 36. Nxg3 Bh4 37. Nxf5 Bxf2 38. Nxg7 Rxg7 39. Rf1 Bg3+ 40. Kh1 Reg8
41. Rbc1 Bf4 42. Rc2 Rg3 43. Rc7 Rxg2 44. Rxd7+ Kh8 45. Rxd6 Rh2# 0-1

[Event "DEM U10 2005"]
[Site "Willingen GER"]
[Date "2005.05.20"]
[Round "10"]
[White "Grzeca, Pascal"]
[Black "Große, Christian"]
[Result "0-1"]
[Termination "normal"]
[Board "18"]
[WhiteElo "1142"]
[BlackElo "1347"]
[PlyCount "86"]
[WhiteFideId "24600741"]
[BlackFideId "24646156"]
[EventCountry "GER"]
[EventRounds "11"]
[EventType "swiss"]
[EventDate "2005.05.15"]

1. e4 c5 2. Nf3 d6 3. Bb5+ Bd7 4. Bxd7+ Qxd7 5. O-O Nc6 6. Re1 g6 7. c3 Bg7 8.
d4 cxd4 9. cxd4 e6 10. Nc3 Nge7 11. b3 O-O 12. Bb2 Rfc8 13. Rc1 a6 14. Kh1 b5
15. Ne2 Bh6 16. Nd2 Nb4 17. Rxc8+ Rxc8 18. Rf1 a5 19. Ng3 Bxd2 20. Qg4 Nd3 21.
Nh5 Qc7 22. Nf6+ Kh8 23. Qh4 h6 24. Nh5 Bg5 25. Qg3 Nxb2 26. h4 Bc1 27. Nf6 e5
28. d5 Bf4 29. Qh3 Qc2 30. g3 Nd3 31. Kg1 Bd2 32. g4 Be1 33. g5 Bxf2+ 34. Kh1
Nf4 35. Qf3 Bxh4 36. Rg1 Bxg5 37. Ng4 Qe2 38. Nh2 Qxf3+ 39. Nxf3 Bf6 40. Nd2
Rc2 41. Nb1 Rxa2 42. Nc3 Rb2 43. Nxb5 Rxb3 0-1

[Event "DEM U10 2005"]
[Site "Willingen GER"]
[Date "2005.05.20"]
[Round "10"]
[White "Strohmann, Marcel"]
[Black "Grünwald, Sven"]
[Result "0-1"]
[Termination "normal"]
[Board "19"]
[WhiteElo "1140"]
[BlackElo "1323"]
[PlyCount "34"]
[BlackFideId "24629642"]
[EventCountry "GER"]
[EventRounds "11"]
[EventType "swiss"]
[EventDate "2005.05.15"]

1. f4 d5 2. e3 Nf6 3. Nf3 Bg4 4. b3 Nbd7 5. Bb2 e6 6. Be2 Bd6 7. O-O c6 8. Qe1
Bxf3 9. Rxf3 e5 10. Qg3 e4 11. Qxg7 Rg8 12. Qh6 exf3 13. Bxf3 Rg6 14. Qh4 Qe7
15. g4 O-O-O 16. f5 Rgg8 17. Kf2 Ne4+ 0-1

[Event "DEM U10 2005"]
[Site "Willingen GER"]
[Date "2005.05.20"]
[Round "10"]
[White "Spangenberg, Romy"]
[Black "Kühnel, Lena"]
[Result "1-0"]
[Termination "normal"]
[Board "20"]
[WhiteElo "1239"]
[BlackElo "1124"]
[PlyCount "71"]
[WhiteFideId "4627997"]
[BlackFideId "24640956"]
[EventCountry "GER"]
[EventRounds "11"]
[EventType "swiss"]
[EventDate "2005.05.15"]

1. e4 e5 2. Nf3 Nc6 3. d4 exd4 4. Nxd4 Nf6 5. Nxc6 bxc6 6. e5 Qe7 7. Qe2 Nd5 8.
c4 Ba6 9. Nd2 g6 10. Qe4 Nb6 11. b3 Bg7 12. Bb2 O-O 13. Be2 d5 14. cxd5 Bxe2
15. Qxe2 cxd5 16. O-O Rae8 17. Rfe1 f6 18. Qa6 fxe5 19. Ba3 c5 20. Qb5 Qf6 21.
Bxc5 Bh6 22. Bxf8 Rxf8 23. Qe2 e4 24. Rad1 Nd7 25. Nf1 Nb6 26. Ng3 Rf7 27. Rf1
Kg7 28. Qg4 Kf8 29. Ne2 Qb2 30. Qh4 Qg7 31. Nd4 e3 32. Ne6+ Kg8 33. fxe3 Bxe3+
34. Kh1 Qb2 35. Qd8+ Rf8 36. Qxf8# 1-0

[Event "DEM U10 2005"]
[Site "Willingen GER"]
[Date "2005.05.20"]
[Round "10"]
[White "Gering, Samuel"]
[Black "Volz, Alexander"]
[Result "0-1"]
[Termination "normal"]
[Board "21"]
[WhiteElo "1215"]
[BlackElo "1117"]
[PlyCount "110"]
[WhiteFideId "24604526"]
[BlackFideId "4669126"]
[EventCountry "GER"]
[EventRounds "11"]
[EventType "swiss"]
[EventDate "2005.05.15"]

1. d4 d5 2. e4 dxe4 3. Nc3 Nf6 4. Bg5 e3 5. fxe3 Bf5 6. Bc4 Nc6 7. Nf3 h6 8.
Bh4 Qd7 9. O-O e6 10. Qe2 Be7 11. Bg3 O-O 12. Bd3 Bxd3 13. Qxd3 Bd6 14. Bxd6
cxd6 15. e4 e5 16. d5 Ne7 17. Ne2 Ng6 18. b3 Rac8 19. c4 Nh5 20. h3 Nhf4 21.
Nxf4 Nxf4 22. Qd2 Qc7 23. Rac1 Qc5+ 24. Kh1 a5 25. Ra1 Qa7 26. Rfc1 b6 27. a3
Ra8 28. Ne1 Nh5 29. Kh2 Nf6 30. Qd3 Rfc8 31. Nc2 Qc7 32. Ne3 g6 33. b4 Qe7 34.
Rab1 Rab8 35. Rc2 Rc7 36. bxa5 Rcb7 37. axb6 Rxb6 38. Rxb6 Rxb6 39. Ra2 Qb7 40.
Qc2 Rb3 41. Nd1 Kf8 42. a4 Ke7 43. a5 Rb4 44. a6 Qa7 45. Nf2 Rb6 46. Qa4 Kd8
47. Qa5 Ke7 48. c5 dxc5 49. Qxc5+ Kd7 50. Rb2 Rxa6 51. Qb5+ Kd8 52. Qd3 Rd6 53.
Qc3 Qc7 54. Qxe5 Ne8 55. Qd4 Rxd5+ 0-1

[Event "DEM U10 2005"]
[Site "Willingen GER"]
[Date "2005.05.20"]
[Round "10"]
[White "Rührmund, Daniel"]
[Black "Pohl, Theresa"]
[Result "0-1"]
[Termination "normal"]
[Board "22"]
[WhiteElo "1201"]
[BlackElo "1049"]
[PlyCount "114"]
[WhiteFideId "24674583"]
[EventCountry "GER"]
[EventRounds "11"]
[EventType "swiss"]
[EventDate "2005.05.15"]

1. e4 e5 2. Nf3 Nc6 3. Bc4 g6 4. d4 exd4 5. Bg5 Nge7 6. Nxd4 Bg7 7. Nxc6 bxc6
8. c3 Bb7 9. Qf3 O-O 10. O-O d5 11. exd5 cxd5 12. Bb3 Qd7 13. Nd2 d4 14. Qxb7
dxc3 15. bxc3 Bxc3 16. Rad1 Bg7 17. Nf3 Qf5 18. Bxe7 Rfc8 19. Rc1 c5 20. Qd5
Rc7 21. Qxf5 gxf5 22. Bxc5 Bh6 23. Be3 Rxc1 24. Rxc1 Bg7 25. Rc7 a5 26. Bxf7+
Kh8 27. Ng5 Rd8 28. h3 Rd1+ 29. Kh2 Be5+ 30. f4 Bxc7 31. Bc5 Bxf4+ 32. g3 Bxg5
33. Ba3 Rd2+ 34. Kg1 Be3+ 35. Kf1 Rf2+ 36. Ke1 f4 37. gxf4 h6 38. f5 Rxf5 39.
Be6 Re5 40. Bb2 Bd4+ 41. Kd2 Bxb2 42. Kc2 Rxe6 43. Kxb2 Re3 44. a4 Rxh3 45. Kc2
Rg3 46. Kd2 h5 47. Ke2 h4 48. Kf2 Rg6 49. Kf3 h3 50. Kf4 h2 51. Kf5 h1=Q 52.
Kxg6 Qe1 53. Kf5 Qe3 54. Kf6 Qe4 55. Kg5 Kg7 56. Kh5 Kf6 57. Kh6 Qg6# 0-1

[Event "DEM U10 2005"]
[Site "Willingen GER"]
[Date "2005.05.20"]
[Round "10"]
[White "Nitsche-Hahn, Maxim"]
[Black "Weber, Clemens"]
[Result "0-1"]
[Termination "normal"]
[Board "23"]
[WhiteElo "1356"]
[BlackElo "1165"]
[PlyCount "82"]
[WhiteFideId "4613090"]
[BlackFideId "12927813"]
[EventCountry "GER"]
[EventRounds "11"]
[EventType "swiss"]
[EventDate "2005.05.15"]

1. d4 d5 2. c4 c6 3. Nf3 Nf6 4. e3 Bf5 5. Be2 e6 6. O-O Be7 7. Nc3 O-O 8. Bd2
Nbd7 9. h3 Re8 10. Rc1 Rc8 11. a3 a5 12. Na2 Ne4 13. Nc3 Nxd2 14. Qxd2 Nf6 15.
Qe1 Qd7 16. Ne5 Qc7 17. c5 Bxc5 18. Nxf7 Qxf7 19. dxc5 Qg6 20. Kh1 e5 21. Qd2
Rcd8 22. Na4 d4 23. exd4 Rxd4 24. Qxa5 Red8 25. Bc4+ Kh8 26. Rg1 Ng4 27. Rcf1
Qh5 28. Qc3 b5 29. Be2 bxa4 30. Qf3 Rf4 31. Qg3 h6 32. Bxg4 Rxg4 33. Qxe5 Rh4
34. Re1 Rd5 35. Qe8+ Qxe8 36. Rxe8+ Kh7 37. Rc1 Rd2 38. Re5 Rxf2 39. Kg1 Rhf4
40. Rd1 Rxb2 41. Rd6 Rff2 0-1